Z jakiego kraju pochodzi ten zespół/wykowca? #2 - Statystyki

Ogólne statystyki
  • Ten quiz został rozwiązany 186 razy
    179 od ostatniego zresetowania
  • Średni wynik to 15 z 35
Statystyki odpowiedzi
Lp. Nazwa Zespołu/wykonawca Kraj pochodzenia % Poprawnych
7 Enej Polska
94%
1 Bob Marley Jamajka
89%
31 Rammstein Niemcy
76%
11 Julio Iglesias Hiszpania
75%
30 T.Love Polska
72%
15 Camila Cabello Kuba/Stany Zjednoczone
68%
6 Avicii Szwecja
67%
26 Goran Bregović Bośnia i Heregowina/Serbia
63%
19 Björk Islandia
59%
10 t.A.T.u. Rosja
59%
5 Pearl Jam Stany Zjednoczone
58%
3 Kraftwerk Niemcy
57%
18 Oasis Anglia
53%
32 Indila Francja
52%
2 The Cranberries Irlandia
52%
34 Bryan Adams Kanada
48%
25 Tsuji Shion Japonia
45%
17 Mireille Mathieu Francja
43%
23 O-Zone Mołdawia
37%
29 Gorillaz Anglia
34%
12 Neil Young Kanada
33%
22 Lindsey Stirling Stany Zjednoczone
33%
14 Tarkan Turcja/Niemcy
32%
24 Gotye Belgia/Australia
31%
4 Aqua Dania
31%
20 Demis Roussos Grecja
31%
8 INXS Australia
27%
9 C.C. Catch Holandia/Niemcy
25%
13 Bomfunk MC’s Finlandia
20%
28 Lorde Nowa Zelandia
19%
21 Gazebo Włochy
15%
33 Burzum Norwegia
14%
16 The Cardigans Szwecja
14%
27 Wolfmother Australia
9%
35 Afric Simone Mozambik
5%
Nie znaleziono quizów pasujących do podanych kryteriów
Rozkład punktacji
Procent ludzi z każdym wynikiem
Percentyl według liczby udzielonych odpowiedzi
Twoja historia wyników
Nie rozwiązałeś tego quizu od ostatniego zresetowania